Obchodní zákoník. Úplné znění s komentářem. 1.

Obchodný zákonník zo dňa 5. novembra 1991. Časť prvá: Všeobecné ustanovenia. Hlava I - Základné ustanovenia. Hlava II - Podnikanie zahraničných osôb. Hlava III - Obchodný register. Hlava IV - Účtovníctvo podnikateľov. Hlava V - Hospodárska súťaž. Časť druhá - Obchodné spoločnosti a družstvo. Hlava I...

Descrizione completa

Salvato in:
Dettagli Bibliografici
Autore principale: Faldyna, F.
Natura: Capitolo di libro
Lingua:ceco
Soggetti:
Tags: Aggiungi Tag
Nessun Tag, puoi essere il primo ad aggiungerne!!

MARC

LEADER 00000naa a2200000 4500
001 r007259
005 20220831083909.7
041 0 |a cze 
044 |a [CS] 
245 1 0 |a Obchodní zákoník.  |b Úplné znění s komentářem. 1.  |c F. Faldyna 
520 |a Obchodný zákonník zo dňa 5. novembra 1991. Časť prvá: Všeobecné ustanovenia. Hlava I - Základné ustanovenia. Hlava II - Podnikanie zahraničných osôb. Hlava III - Obchodný register. Hlava IV - Účtovníctvo podnikateľov. Hlava V - Hospodárska súťaž. Časť druhá - Obchodné spoločnosti a družstvo. Hlava I - Obchodné spoločnosti. 
610 2 0 |a ČSFR 
610 2 0 |a 1991 
610 2 0 |a konkurencia 
610 2 0 |a spoločnosti obchodné 
610 2 0 |a družstvá 
610 2 0 |a účtovníctvo 
610 2 0 |a zákonník obchodný 
100 1 |a Faldyna, F.